[Event "20. Open Pula 2006"]
[Site "Pula CRO"]
[Date "2006.06.25"]
[Round "9.3"]
[White "Petrik, Tomas"]
[Black "Rogic, Davor"]
[Result "1/2-1/2"]
[WhiteElo "2515"]
[BlackElo "2540"]
[PlyCount "203"]
[EventDate "2006.06.18"]
[EventType "swiss"]
[EventRounds "9"]
[EventCountry "CRO"]
[Source "lmi"]
[SourceDate "2006.06.26"]

1. e4 e5 2. Nf3 Nc6 3. Bb5 a6 4. Bxc6 dxc6 5. O-O Qf6 6. d4 exd4 7. Bg5 Qd6 8.
Nxd4 c5 9. Ne2 Be6 10. Nbc3 Nf6 11. Nf4 h6 12. Qxd6 Bxd6 13. Bxf6 Bxf4 14. Bxg7
Rg8 15. Ne2 Bxh2+ 16. Kxh2 Rxg7 17. Rfd1 Ke7 18. f3 a5 19. Nc3 a4 20. a3 Rg6
21. Rd2 Bc4 22. Rad1 Rd6 23. Kg3 b5 24. e5 Rxd2 25. Rxd2 Ra6 26. Ne4 Rc6 27.
Nf6 Be6 28. Ng8+ Ke8 29. Nf6+ Ke7 30. Kf4 b4 31. Ng8+ Ke8 32. Nf6+ Ke7 33. Ng8+
Ke8 34. Nxh6 bxa3 35. bxa3 Rb6 36. Rd3 c4 37. Rd2 Rb2 38. Ng8 c6 39. Nf6+ Ke7
40. Ng8+ Ke8 41. Nf6+ Ke7 42. Ne4 Ra2 43. Nc5 Rxa3 44. Nxe6 fxe6 45. g4 Rc3 46.
Rh2 a3 47. Rh7+ Ke8 48. Ra7 c5 49. g5 Rxc2 50. Rxa3 c3 51. Ra5 Rg2 52. Rxc5 c2
53. Ke4 Rxg5 54. Rxc2 Rg1 55. f4 Rf1 56. Rc7 Kf8 57. Rh7 Ke8 58. Rh6 Ke7 59.
Rh7+ Ke8 60. Rh6 Ke7 61. Rh4 Rf2 62. Ke3 Rf1 63. Ke2 Ra1 64. Kf3 Rf1+ 65. Kg2
Ra1 66. Rh7+ Ke8 67. Kf3 Rg1 68. Rh3 Kf7 69. Rg3 Ra1 70. Rg2 Rb1 71. Kg4 Kg6
72. Kf3+ Kf7 73. Rd2 Rf1+ 74. Ke3 Re1+ 75. Kf2 Ra1 76. Rd7+ Ke8 77. Rg7 Ra3 78.
Rg3 Ra1 79. Kg2 Kf7 80. Rh3 Rb1 81. Kg3 Rg1+ 82. Kh4 Rg8 83. Ra3 Rh8+ 84. Kg4
Rg8+ 85. Kf3 Rg1 86. Ra7+ Kf8 87. Rh7 Ke8 88. Rh6 Kf7 89. Kf2 Rg4 90. Ke3 Rg1
91. Rf6+ Ke7 92. Kf3 Rg8 93. Rh6 Rg1 94. Rh7+ Ke8 95. Ra7 Kf8 96. Ke3 Rd1 97.
f5 Re1+ 98. Kf4 Rf1+ 99. Kg5 Rxf5+ 100. Kg6 Rxe5 101. Kf6 Rf5+ 102. Kxe6
1/2-1/2

[Event "20. Open Pula 2006"]
[Site "Pula CRO"]
[Date "2006.06.25"]
[Round "9.4"]
[White "Jovanic, Ognjen"]
[Black "Sakelsek, Tadej"]
[Result "1/2-1/2"]
[WhiteElo "2473"]
[BlackElo "2428"]
[PlyCount "66"]
[EventDate "2006.06.18"]
[EventType "swiss"]
[EventRounds "9"]
[EventCountry "CRO"]
[Source "lmi"]
[SourceDate "2006.06.26"]

1. d4 Nf6 2. c4 e6 3. Nf3 b6 4. Nc3 Bb4 5. Bg5 Bb7 6. e3 Bxc3+ 7. bxc3 d6 8.
Nd2 Nbd7 9. f3 h6 10. Bh4 Qe7 11. Qa4 e5 12. e4 O-O 13. Bd3 Qe6 14. O-O Nh5 15.
Rfe1 Nf4 16. Bf1 a6 17. Rab1 Rfb8 18. Qc2 Qg6 19. Kh1 Ne6 20. Bf2 Qf6 21. Nb3
a5 22. Rbd1 Ba6 23. Nc1 h5 24. Qa4 Rd8 25. Nb3 g5 26. Bg1 Kg7 27. c5 Bxf1 28.
Rxf1 bxc5 29. dxc5 Ndxc5 30. Nxc5 Nxc5 31. Bxc5 dxc5 32. Rxd8 Rxd8 33. Qxa5 Qb6
1/2-1/2

[Event "20. Open Pula 2006"]
[Site "Pula CRO"]
[Date "2006.06.25"]
[Round "9.5"]
[White "Kovacevic, Aleksandar"]
[Black "Klimov, Anton"]
[Result "1/2-1/2"]
[WhiteElo "2536"]
[BlackElo "2383"]
[PlyCount "92"]
[EventDate "2006.06.18"]
[EventType "swiss"]
[EventRounds "9"]
[EventCountry "CRO"]
[Source "lmi"]
[SourceDate "2006.06.26"]

1. e4 c5 2. Nf3 d6 3. d4 cxd4 4. Nxd4 Nf6 5. Nc3 a6 6. Be3 e5 7. Nf3 Be7 8. Bc4
O-O 9. O-O Nc6 10. Qe2 Be6 11. Rfd1 Bxc4 12. Qxc4 Rc8 13. Qe2 h6 14. Nh4 Nd4
15. Bxd4 exd4 16. Rxd4 Qb6 17. Rd3 Rfe8 18. Nf5 Bf8 19. Qe3 Qxe3 20. Rxe3 b5
21. Nd4 g6 22. f3 Bg7 23. Nce2 Nd7 24. Rd1 d5 25. Ra3 dxe4 26. Rxa6 exf3 27.
gxf3 Nc5 28. Rb6 Na4 29. Rxb5 Nxb2 30. Rxb2 Rxe2 31. Nxe2 Bxb2 32. Rd2 Rc4 33.
Kf1 Be5 34. h3 g5 35. c3 Kg7 36. Rb2 Ra4 37. Rc2 Rc4 38. Kf2 Kg6 39. Kg2 h5 40.
Rb2 Ra4 41. Kf2 f6 42. Rd2 Rc4 43. Rd3 Ra4 44. Rd2 Rc4 45. Rc2 Kh6 46. Kg2 Kg6
1/2-1/2

[Event "20. Open Pula 2006"]
[Site "Pula CRO"]
[Date "2006.06.25"]
[Round "9.6"]
[White "Krumpacnik, Domen"]
[Black "Saric, Ante"]
[Result "1/2-1/2"]
[WhiteElo "2385"]
[BlackElo "2474"]
[PlyCount "123"]
[EventDate "2006.06.18"]
[EventType "swiss"]
[EventRounds "9"]
[EventCountry "CRO"]
[Source "lmi"]
[SourceDate "2006.06.26"]

1. d4 Nf6 2. c4 e6 3. Nc3 Bb4 4. Qc2 d5 5. Bg5 dxc4 6. Qa4+ Nc6 7. a3 Bxc3+ 8.
bxc3 Qd5 9. Bxf6 gxf6 10. Nf3 Bd7 11. Qc2 f5 12. g3 Na5 13. Bg2 Bc6 14. O-O
O-O-O 15. Rfe1 Nb3 16. Rad1 Rhf8 17. e4 fxe4 18. Ne5 Ba4 19. Bxe4 Nc5 20. Bxd5
Bxc2 21. Rd2 Nd3 22. Nxd3 Bxd3 23. Bf3 Rd6 24. Rb2 Rb6 25. Rb4 Rd8 26. Re5 c6
27. Ra5 Rxb4 28. axb4 a6 29. h4 Kd7 30. g4 Ra8 31. Rc5 Kc7 32. Kg2 Kd6 33. Kg3
f6 34. Kf4 e5+ 35. dxe5+ fxe5+ 36. Ke3 Rf8 37. Ra5 Ra8 38. Be4 b6 39. Ra4 Bxe4
40. Kxe4 b5 41. Ra2 c5 42. g5 cxb4 43. cxb4 c3 44. f3 a5 45. Kd3 a4 46. h5 Rf8
47. Rf2 Rf5 48. g6 Rxh5 49. Rg2 hxg6 50. Rxg6+ Kc7 51. Rg7+ Kc6 52. Rg6+ Kd7
53. Rg7+ Ke6 54. Rb7 a3 55. Kxc3 a2 56. Kb2 Rh2+ 57. Ka1 Kd5 58. Rxb5+ Kd4 59.
Ra5 Rf2 60. Ra3 Kc4 61. Re3 Kxb4 62. Rxe5 1/2-1/2

[Event "20. Open Pula 2006"]
[Site "Pula CRO"]
[Date "2006.06.25"]
[Round "9.7"]
[White "Mikac, Matjaz"]
[Black "Zivanic, Marko"]
[Result "1-0"]
[WhiteElo "2376"]
[BlackElo "2462"]
[PlyCount "99"]
[EventDate "2006.06.18"]
[EventType "swiss"]
[EventRounds "9"]
[EventCountry "CRO"]
[Source "lmi"]
[SourceDate "2006.06.26"]

1. e4 e5 2. Nf3 d6 3. Bc4 Be7 4. d4 exd4 5. Nxd4 Nf6 6. Nc3 O-O 7. O-O c6 8. a4
a5 9. Re1 Re8 10. h3 Bf8 11. Bg5 Nbd7 12. Bb3 Ne5 13. Bh4 Ng6 14. Bg3 Qb6 15.
Qd2 Bd7 16. Rad1 Rad8 17. Qg5 h6 18. Qd2 Bc8 19. f3 Nd7 20. Bf2 Nc5 21. Nb1 Qc7
22. Nc3 Be7 23. Bc4 Bg5 24. Be3 Bf6 25. Bf1 Qb6 26. b3 Qc7 27. Nde2 Ne5 28. Nf4
Qe7 29. Ncd5 cxd5 30. Nxd5 Qd7 31. Nxf6+ gxf6 32. Qxa5 Qe7 33. b4 Ne6 34. f4
Nc6 35. Qb5 Ng7 36. Bb6 Rd7 37. c3 Ne6 38. Qf5 Ng7 39. Qg4 Qe6 40. f5 Qe7 41.
Re3 Ne5 42. Qh4 Kh7 43. Rg3 h5 44. Bb5 d5 45. Bc5 Qd8 46. Bxd7 Bxd7 47. Rxd5
Nc6 48. Rd6 b6 49. Be3 Ne5 50. Qf4 1-0

[Event "20. Open Pula 2006"]
[Site "Pula CRO"]
[Date "2006.06.25"]
[Round "9.8"]
[White "Plenkovic, Zdenko"]
[Black "Bhat, Vinay S"]
[Result "1/2-1/2"]
[WhiteElo "2278"]
[BlackElo "2409"]
[PlyCount "109"]
[EventDate "2006.06.18"]
[EventType "swiss"]
[EventRounds "9"]
[EventCountry "CRO"]
[Source "lmi"]
[SourceDate "2006.06.26"]

1. e4 e6 2. d4 d5 3. Nc3 Nf6 4. e5 Nfd7 5. f4 c5 6. Nf3 Nc6 7. Bd3 cxd4 8. Ne2
Bb4+ 9. Bd2 Bc5 10. O-O f6 11. Ng3 f5 12. Kh1 a5 13. Ng5 Nf8 14. Nh5 Rg8 15. g4
h6 16. Nxe6 Bxe6 17. gxf5 Bc8 18. Qg4 Kd7 19. Nf6+ gxf6 20. Qxg8 Kc7 21. Rae1
Kb6 22. Qh8 Ne6 23. Qxh6 Bf8 24. Qh8 Nc5 25. e6 Be7 26. Qh7 Ka7 27. Rg1 Nxd3
28. cxd3 b6 29. Rg7 Bb7 30. Rc1 Rc8 31. Rxc6 Rxc6 32. Rxe7 Qc8 33. Kg1 Rc2 34.
Kf1 Ka6 35. Ke2 Qb8 36. Qh4 Bc6 37. Rf7 Qd6 38. a3 Rxb2 39. Rxf6 Bb5 40. Qh8
Rxd2+ 41. Ke1 Bc6 42. Kxd2 Qxf4+ 43. Kd1 Qf1+ 44. Kd2 Qf2+ 45. Kc1 Qe3+ 46. Kb2
Qd2+ 47. Ka1 Qc1+ 48. Ka2 Qc2+ 49. Ka1 Qc1+ 50. Ka2 Qc2+ 51. Ka1 Kb5 52. e7
Qc1+ 53. Ka2 Qc2+ 54. Ka1 Qc1+ 55. Ka2 1/2-1/2

[Event "20. Open Pula 2006"]
[Site "Pula CRO"]
[Date "2006.06.25"]
[Round "9.9"]
[White "Sagafos, Magne"]
[Black "Kuljasevic, Davorin"]
[Result "0-1"]
[WhiteElo "2271"]
[BlackElo "2408"]
[PlyCount "176"]
[EventDate "2006.06.18"]
[EventType "swiss"]
[EventRounds "9"]
[EventCountry "CRO"]
[Source "lmi"]
[SourceDate "2006.06.26"]

1. e4 e6 2. d4 d5 3. Nd2 c5 4. exd5 exd5 5. Ngf3 Nf6 6. Bb5+ Bd7 7. Qe2+ Be7 8.
dxc5 O-O 9. O-O Bxc5 10. Nb3 Bb6 11. Bxd7 Qxd7 12. Bf4 Qf5 13. Bd6 Re8 14. Qd3
Qxd3 15. cxd3 Nc6 16. Rfe1 Nd7 17. a3 f6 18. d4 Kf7 19. Nc5 Bxc5 20. dxc5 Rxe1+
21. Rxe1 Re8 22. Rxe8 Kxe8 23. b4 a6 24. Kf1 Kf7 25. Ke2 Ke6 26. Kd3 Nde5+ 27.
Bxe5 fxe5 28. Ke3 h6 29. g4 g5 30. h3 Nb8 31. Nd2 Nd7 32. Nf1 d4+ 33. Kd3 Kd5
34. f3 Nf8 35. Ng3 Ng6 36. Ne4 Nf4+ 37. Kd2 Nxh3 38. Nd6 b6 39. Ne4 bxc5 40.
Nxc5 a5 41. Nd3 Ng1 42. bxa5 Nxf3+ 43. Ke2 e4 44. a6 exd3+ 45. Kxf3 Kc6 46. Kf2
Kb6 47. Ke1 h5 48. gxh5 g4 49. h6 g3 50. h7 g2 51. Kf2 g1=Q+ 52. Kxg1 d2 53.
h8=Q d1=Q+ 54. Kf2 Qd2+ 55. Kg3 Qe3+ 56. Kh2 Qf4+ 57. Kh1 Kxa6 58. Qa8+ Kb5 59.
Qd5+ Ka4 60. Qc4+ Kxa3 61. Qc5+ Kb3 62. Qd5+ Kc3 63. Qc5+ Kd2 64. Qb4+ Ke2 65.
Qc4+ Kf2 66. Qf1+ Ke3 67. Qc1+ Ke4 68. Qc6+ Kd3 69. Qa6+ Ke3 70. Qa3+ d3 71.
Qc5+ Qd4 72. Qg5+ Ke2 73. Qg2+ Kd1 74. Qf1+ Kc2 75. Qf2+ Kc3 76. Qe1+ Kc4 77.
Qc1+ Qc3 78. Qf1 Qh8+ 79. Kg1 Qd4+ 80. Kh1 Qe4+ 81. Kg1 Qg4+ 82. Kh1 Qe2 83.
Qf7+ Kc3 84. Qc7+ Kb2 85. Qb6+ Kc1 86. Qc6+ Qc2 87. Qh6+ d2 88. Qe3 Qc4 0-1

[Event "20. Open Pula 2006"]
[Site "Pula CRO"]
[Date "2006.06.25"]
[Round "9.10"]
[White "Saric, Ivan"]
[Black "Filimonov, Alexey"]
[Result "1-0"]
[WhiteElo "2393"]
[BlackElo "2216"]
[PlyCount "83"]
[EventDate "2006.06.18"]
[EventType "swiss"]
[EventRounds "9"]
[EventCountry "CRO"]
[Source "lmi"]
[SourceDate "2006.06.26"]

1. e4 e5 2. Nf3 Nc6 3. Bc4 Nf6 4. d3 h6 5. O-O d6 6. c3 g6 7. d4 Qe7 8. Re1 Bg7
9. Nbd2 O-O 10. h3 Bd7 11. Nf1 Na5 12. Bd3 c5 13. d5 b5 14. b4 Nb7 15. a4 a5
16. bxc5 Nxc5 17. axb5 Nh5 18. Be3 Nxd3 19. Qxd3 f5 20. b6 fxe4 21. Qxe4 Bf5
22. Qh4 Qf7 23. Ng3 Nxg3 24. Qxg3 Qxd5 25. Red1 Qc6 26. Nh4 d5 27. Kh1 Be4 28.
f3 Bc2 29. Rdc1 Qxc3 30. Nxg6 Rfe8 31. Bg1 Qb3 32. Nh4 Kh8 33. Qf2 Bd3 34. Rc7
d4 35. Qg3 Rg8 36. b7 Rab8 37. Bxd4 Bf6 38. Qxe5 Bxe5 39. Bxe5+ Rg7 40. Rxg7
Qb5 41. Re7+ Kg8 42. Bxb8 1-0

[Event "20. Open Pula 2006"]
[Site "Pula CRO"]
[Date "2006.06.25"]
[Round "9.11"]
[White "Nemet, Ivan"]
[Black "Kveinys, Aloyzas"]
[Result "0-1"]
[WhiteElo "2346"]
[BlackElo "2532"]
[PlyCount "90"]
[EventDate "2006.06.18"]
[EventType "swiss"]
[EventRounds "9"]
[EventCountry "CRO"]
[Source "lmi"]
[SourceDate "2006.06.26"]

1. d4 Nf6 2. Nf3 d5 3. c4 e6 4. e3 c5 5. Nc3 a6 6. dxc5 Bxc5 7. a3 O-O 8. b4
Be7 9. cxd5 exd5 10. Be2 Be6 11. Bb2 Nbd7 12. O-O Nb6 13. Na4 Nc4 14. Bd4 Nd7
15. Ra2 Qc7 16. Qa1 f6 17. Ne1 Bd6 18. f4 Bf5 19. Bf3 Be4 20. Nc3 Bxf3 21. Nxf3
Qc6 22. Nh4 Rfe8 23. Rf3 Bf8 24. Re2 b5 25. g4 a5 26. Qc1 axb4 27. axb4 Bxb4
28. g5 Bc5 29. Nf5 b4 30. Nd1 Bxd4 31. Nxd4 Qb6 32. Kh1 Qxd4 33. exd4 Rxe2 34.
Ne3 Re8 35. Ng2 Ra2 36. Qb1 Ree2 37. Rh3 Nf8 38. gxf6 Reb2 39. f7+ Kxf7 40.
Qf5+ Ke7 41. Qg5+ Kd6 42. Ne1 Ra1 43. Rf3 Re2 44. Rf1 Ne3 45. f5 Nxf1 0-1

[Event "20. Open Pula 2006"]
[Site "Pula CRO"]
[Date "2006.06.25"]
[Round "9.14"]
[White "Stokke, Kjetil"]
[Black "Rigo, Zsolt"]
[Result "1/2-1/2"]
[WhiteElo "2302"]
[BlackElo "2402"]
[PlyCount "80"]
[EventDate "2006.06.18"]
[EventType "swiss"]
[EventRounds "9"]
[EventCountry "CRO"]
[Source "lmi"]
[SourceDate "2006.06.26"]

1. e4 c5 2. c4 Nc6 3. Nc3 g6 4. g3 Bg7 5. Bg2 d6 6. Nge2 Nf6 7. d3 O-O 8. O-O
Rb8 9. Rb1 a6 10. a4 Ne8 11. Be3 Nc7 12. d4 cxd4 13. Nxd4 Bd7 14. b3 b6 15. Qd2
Ne6 16. Nxe6 Bxe6 17. Nd5 Ne5 18. Qe2 Bg4 19. f3 Bc8 20. Rfd1 e6 21. Nf4 Qc7
22. Rbc1 Rd8 23. Qf2 Nd7 24. b4 a5 25. b5 Nc5 26. Qa2 Bb7 27. Nd3 Rbc8 28. Rd2
Rf8 29. Nxc5 dxc5 30. Bf4 e5 31. Bg5 h6 32. Be3 Rcd8 33. Rcd1 Bc8 34. Rxd8 Rxd8
35. Rxd8+ Qxd8 36. Qd2 Qxd2 37. Bxd2 Be6 38. Bf1 Kh7 39. Bd3 h5 40. Kf2 Bh6
1/2-1/2

[Event "20. Open Pula 2006"]
[Site "Pula CRO"]
[Date "2006.06.25"]
[Round "9.15"]
[White "Feletar, Darko"]
[Black "Fucak, Emilijo"]
[Result "1-0"]
[WhiteElo "2391"]
[BlackElo "2291"]
[PlyCount "169"]
[EventDate "2006.06.18"]
[EventType "swiss"]
[EventRounds "9"]
[EventCountry "CRO"]
[Source "lmi"]
[SourceDate "2006.06.26"]

1. e4 e6 2. d4 d5 3. Nc3 Bb4 4. Nge2 b6 5. a3 Bf8 6. g3 dxe4 7. Nxe4 f5 8. N4c3
Bb7 9. Rg1 Nc6 10. Bg2 Qd7 11. Bf4 Nf6 12. d5 exd5 13. Nxd5 Nxd5 14. Qxd5 O-O-O
15. Rd1 Be7 16. Qxd7+ Rxd7 17. Rxd7 Kxd7 18. Bh3 g6 19. g4 fxg4 20. Rxg4 Kd8
21. Rg3 Ba6 22. Rc3 Bc5 23. Bg5+ Ke8 24. Be3 Kd8 25. Bxc5 bxc5 26. Rxc5 Nb8 27.
Nf4 c6 28. Re5 Kc7 29. Re7+ Kb6 30. b3 g5 31. Nh5 h6 32. Bg4 Bb7 33. b4 Ba6 34.
Be6 c5 35. Nf6 Bc8 36. Bc4 a6 37. Nd5+ Kc6 38. Rc7+ Kd6 39. bxc5+ Ke5 40. Ne7
Kd4 41. Bd3 Re8 42. Kd2 Bd7 43. Ng6 h5 44. h4 gxh4 45. Nxh4 Rf8 46. c3+ Kd5 47.
Ke3 Re8+ 48. Kf4 Rf8+ 49. Ke3 Re8+ 50. Kd2 Rf8 51. f3 Bc6 52. Rh7 Be8 53. Ke3
a5 54. Ng6 Bxg6 55. Bxg6 Kxc5 56. Rxh5+ Kc4 57. Rxa5 Kxc3 58. Ra8 Kc4 59. a4
Kc5 60. a5 Rf6 61. Rxb8 Rxg6 62. Rb1 Ra6 63. Ra1 Kd5 64. Kf4 Ke6 65. Ke4 Kd6
66. Kf5 Kd7 67. f4 Ke7 68. Ke5 Kd7 69. Kd5 Rf6 70. Ra4 Ra6 71. Kc5 Kc7 72. Kb5
Rf6 73. Re4 Kb7 74. Kc5 Kc7 75. Kd5 Rf5+ 76. Ke6 Rxa5 77. Rd4 Ra6+ 78. Kf7 Ra5
79. Kg6 Ra6+ 80. Kg5 Ra5+ 81. f5 Ra6 82. f6 Ra5+ 83. Kg6 Ra2 84. f7 Rf2 85. Rd5
1-0

[Event "20. Open Pula 2006"]
[Site "Pula CRO"]
[Date "2006.06.25"]
[Round "9.16"]
[White "Shirjaev, Alexandr"]
[Black "Nordahl, Helge"]
[Result "0-1"]
[WhiteElo "2287"]
[BlackElo "2374"]
[PlyCount "96"]
[EventDate "2006.06.18"]
[EventType "swiss"]
[EventRounds "9"]
[EventCountry "CRO"]
[Source "lmi"]
[SourceDate "2006.06.26"]

1. e4 c5 2. Nf3 d6 3. d4 cxd4 4. Nxd4 Nf6 5. Nc3 a6 6. Bc4 e6 7. Bb3 b5 8. O-O
Be7 9. Qf3 Qc7 10. Qg3 Nc6 11. Be3 Bb7 12. Rad1 b4 13. Na4 Nxd4 14. Bxd4 Bxe4
15. f3 Bg6 16. Nb6 Rd8 17. Ba4+ Kf8 18. Rfe1 h5 19. c3 e5 20. Be3 bxc3 21. bxc3
d5 22. Bb3 h4 23. Qf2 Qc6 24. Na4 Rh5 25. Bc5 Bxc5 26. Nxc5 Rc8 27. Na4 e4 28.
f4 h3 29. g3 Bf5 30. Rd4 Be6 31. Qd2 Kg8 32. Rf1 g6 33. Rb4 d4 34. Rb6 dxc3 35.
Rxc6 cxd2 36. Rxe6 fxe6 37. Bxe6+ Kg7 38. Bxc8 e3 39. Bxa6 Ra5 40. Be2 Rxa4 41.
Ra1 Ne4 42. a3 Nc3 43. Kf1 g5 44. fxg5 Ra8 45. Bg4 Rf8+ 46. Kg1 e2 47. Bxe2
Nxe2+ 48. Kh1 Nc1 0-1

[Event "20. Open Pula 2006"]
[Site "Pula CRO"]
[Date "2006.06.25"]
[Round "9.17"]
[White "Ekeberg, Carl Fredrik"]
[Black "Nikolov, Sasho"]
[Result "0-1"]
[WhiteElo "2272"]
[BlackElo "2354"]
[PlyCount "124"]
[EventDate "2006.06.18"]
[EventType "swiss"]
[EventRounds "9"]
[EventCountry "CRO"]
[Source "lmi"]
[SourceDate "2006.06.26"]

1. Nf3 g6 2. c4 Bg7 3. e4 d6 4. d4 Bg4 5. Be2 Nc6 6. Be3 e5 7. d5 Bxf3 8. Bxf3
Nd4 9. Bxd4 exd4 10. Nd2 Ne7 11. O-O O-O 12. b4 c6 13. Nb3 Rc8 14. Rc1 cxd5 15.
exd5 b5 16. Na5 bxc4 17. Nxc4 h5 18. Qd3 g5 19. g3 g4 20. Bg2 Qd7 21. Na5 Rc3
22. Rxc3 dxc3 23. Nc6 Ng6 24. f4 Re8 25. Be4 Qc7 26. Rf2 Ne7 27. Kg2 Qb6 28. a3
Kf8 29. f5 Nxc6 30. f6 Bxf6 31. dxc6 Qd4 32. Bf5 Qxd3 33. Bxd3 Bd4 34. Rf4 c2
35. Rf1 Bb6 36. Rc1 Re3 37. Rxc2 Rxd3 38. c7 Bxc7 39. Rxc7 Rxa3 40. Rd7 Ra2+
41. Kg1 Ra6 42. b5 Rb6 43. Rxa7 Rxb5 44. Rd7 Rd5 45. Kf2 Kg7 46. Ke3 Kf6 47.
Rd8 Re5+ 48. Kf4 Re6 49. Rh8 Kg6 50. Rg8+ Kh7 51. Rd8 Kg7 52. Kg5 Re5+ 53. Kf4
Rd5 54. Ke4 Rd2 55. Kf5 Rxh2 56. Rxd6 Rg2 57. Rd3 f6 58. Rd7+ Kh6 59. Rd8 Rf2+
60. Ke6 Kg7 61. Rd7+ Kg6 62. Rd8 Re2+ 0-1

[Event "20. Open Pula 2006"]
[Site "Pula CRO"]
[Date "2006.06.25"]
[Round "9.19"]
[White "Markosian, David S"]
[Black "Andersen, Lars Even"]
[Result "1-0"]
[WhiteElo "2397"]
[BlackElo "2247"]
[PlyCount "101"]
[EventDate "2006.06.18"]
[EventType "swiss"]
[EventRounds "9"]
[EventCountry "CRO"]
[Source "lmi"]
[SourceDate "2006.06.26"]

1. e4 Nc6 2. Nf3 g6 3. d4 Bg7 4. Nc3 d6 5. h3 e5 6. Bg5 Bf6 7. Bxf6 Nxf6 8. Qd2
O-O 9. O-O-O Qe7 10. dxe5 Nxe5 11. Nd4 Nc6 12. f3 Nxd4 13. Qxd4 Bd7 14. g4 Bc6
15. Bb5 Rfe8 16. h4 Qe5 17. Qc4 Bxb5 18. Qxb5 Qxb5 19. Nxb5 Re7 20. c4 a6 21.
Nc3 b5 22. cxb5 axb5 23. a3 Re5 24. Rd4 Rc5 25. Kb1 Rxa3 26. bxa3 Rxc3 27. e5
dxe5 28. Rd8+ Kg7 29. g5 Nh5 30. Rc1 Rxa3 31. Rxc7 Rxf3 32. Rcc8 Nf6 33. Rh8
Rf4 34. gxf6+ Rxf6 35. Rhe8 Rf1+ 36. Kc2 Rh1 37. Rxe5 Rxh4 38. Rxb5 Rd4 39. Kc3
Rd1 40. Rc4 h5 41. Rd4 Rf1 42. Kd2 f5 43. Ke2 Rg1 44. Kf2 Rg5 45. Rb6 Kh6 46.
Rb7 Rg4 47. Rxg4 hxg4 48. Kg3 Kg5 49. Rf7 Kh5 50. Kf4 Kh6 51. Rd7 1-0

[Event "20. Open Pula 2006"]
[Site "Pula CRO"]
[Date "2006.06.25"]
[Round "9.20"]
[White "Machata, Martin"]
[Black "Ivakhin, Maxim"]
[Result "0-1"]
[WhiteElo "2230"]
[BlackElo "2368"]
[PlyCount "68"]
[EventDate "2006.06.18"]
[EventType "swiss"]
[EventRounds "9"]
[EventCountry "CRO"]
[Source "lmi"]
[SourceDate "2006.06.26"]

1. e4 g6 2. d4 Bg7 3. Nf3 c6 4. Nc3 d6 5. Bf4 b5 6. e5 d5 7. Bd3 Nd7 8. e6 fxe6
9. h4 Ngf6 10. g4 Nxg4 11. Qe2 e5 12. dxe5 O-O 13. Bg3 Nc5 14. h5 Nxd3+ 15.
cxd3 Bf5 16. hxg6 hxg6 17. Nd4 Qb6 18. Nxf5 gxf5 19. O-O-O e6 20. Kb1 Qd4 21.
f3 f4 22. fxg4 fxg3 23. g5 Rf2 24. Qh5 g2 25. Qh7+ Kf8 26. Rhe1 b4 27. Ne2 Qxe5
28. d4 Qxg5 29. Qh2 e5 30. Ng3 Ke7 31. Nh5 Rh8 32. Qg1 Qf5+ 33. Ka1 Rxh5 34.
dxe5 Rh1 0-1